000
00314nam a22001337a 4500
008
170214b xxu||||| |||| 00| 0 eng d
020
_a
9780817642297
041
_a
eng
080
_a
61
100
_a
4
101
_a
SHM
245
_a
ASSEMBLY OF THE VASCULATURE AND ITS REGULATION
_c
TOMANEK, R.J
942
_2
udc
_c
BK
999
_c
5394
_d
5394